000 00353nam a22001457a 4500
003 OSt
005 20160727222410.0
008 160624b xxu||||| |||| 00| 0 eng d
040 _cTEST
100 _9979
_aWatterson, B
245 _aHiomicidal Psycho Jungle Cat
260 _aLON
_bWarner
_c1994
300 _aHiomicidal Psycho Jungle Cat
942 _2ddc
_cBK
999 _c778
_d778